Normal view
MARC view
- Hydraulic engineering.
Entry Topical Term
001 - CONTROL NUMBER
- control field: 3526
003 - CONTROL NUMBER IDENTIFIER
- control field: NUST
005 - DATE AND TIME OF LATEST TRANSACTION
- control field: 20170721160249.0
008 - FIXED-LENGTH DATA ELEMENTS
- fixed length control field: 170721|| aca||aabn | a|a d
040 ## - CATALOGING SOURCE
- Original cataloging agency: NUST
- Transcribing agency: NUST
150 ## - HEADING--TOPICAL TERM
- Topical term or geographic name entry element: Hydraulic engineering.
670 ## - SOURCE DATA FOUND
- Source citation: Work cat.: (NUST)0: Mays, Larry W. 3525, Water resources engineering /, 2004.
